Statistiken für KFZ-Kennzeichen Sachsen ALLE

Klicken Sie hier um das Quiz zu spielen!

Allgemein

  • Dieses Quiz wurde 198 mal gespielt
    (92 seit der letzten Aktualisierung)
  • Das Durchschnittsergebnis liegt bei 32 aus 57

Antwortstatistiken

AbkürzungStadt oder Landkreis% Korrekt
CChemnitz
97%
DDDresden
97%
LLeipzig
97%
ANAAnnaberg-Buchholz
95%
VVogtlandkreis
92%
ZZwickau
89%
AUAue-Bad Schlema
84%
BZBautzen
84%
ERZErzgebirgskreis
84%
TGTorgau
82%
FTLFreital
74%
FGFreiberg
71%
AEAuerbach/Vogtland
68%
MEIMeißen
68%
WURWurzen
68%
BIWBischofswerda
66%
BNABorna
66%
DLDöbeln
66%
FLÖFlöha
66%
MABMarienberg
66%
ASZLandkreis Aue-Schwarzenberg
63%
ZIZittau
63%
DWDippoldiswalde
61%
GCGlauchau
61%
GRMGrimma
58%
PIRPirna
58%
BEDBrand-Erbisdorf
55%
GRGörlitz
55%
PLPlauen
55%
DZDelitzsch
53%
HYHoyerswerda
53%
RIERiesa
53%
KMKamenz
50%
LÖBLöbau
50%
EBEilenburg
47%
GRHGroßenhain
47%
MWMittweida
47%
SEBSebnitz
47%
ZPZschopau
45%
HOTHohenstein-Ernstthal
42%
MEKMittlerer Erzgebirgskreis
42%
WSWWeißwasser/Oberlausitz
42%
HCHainichen
39%
MTLMuldentalkreis
39%
NYNiesky
39%
OZOschatz
39%
STLStollberg/Erzgebirge
39%
SZBSchwarzenberg/Erzgebirge
34%
GHAGeithain
32%
RCReichenbach im Vogtland
29%
TDOTorgau-Delitzsch-Oschatz
29%
WDAWerdau
26%
OVLObervogtland
24%
RLRochlitz
24%
RGLandkreis Riesa-Großenhain
21%
TOLandkreis Torgau-Oschatz
21%
NOLNiederschlesischer Oberlausitzkreis
21%

Verteilung der Resultate

Perzentil nach korrekt beantworteten Fragen

Anzahl Personen mit jedem Resultat

Ihre Resultats-Entwicklung

Sie haben dieses Quiz seit der letzten Aktualisierung nicht gespielt